| 000 | 01208nam a22003257a 4500 | ||
|---|---|---|---|
| 003 | CHAP | ||
| 005 | 20220329134122.0 | ||
| 008 | 971013s1976 r 00010 d | ||
| 010 | _a15677 | ||
| 011 | _a16649 | ||
| 035 | _a20731 | ||
| 040 | _cCHAP | ||
| 090 | _aTesis | ||
| 100 | 0 | 0 |
_aGuajardo Varela, José Mario. _950966 |
| 245 | _aEfecto de la distancia y época de siembra sobre el rendimiento, porcentaje de aceite y características agronómicas de girasol (Helianthus annuus L.) variedad Tecmon-1, en Apodaca, N.L. | ||
| 260 |
_a(Monterrey, N.L.) : _bEl autor, _c1976 |
||
| 300 |
_a65 h _b; gráfs |
||
| 502 | _aTesis (Ing. Agrónomo en Producción Agropecuarias) -- ITESM. Div. de Ciencias Agropecuarias y Marítimas | ||
| 590 |
_aALEPH _b10 _c20130110 _lUCH01 _h1237 |
||
| 590 |
_aBATCH-UPD _b10 _c20130110 _lUCH01 _h2226 |
||
| 590 |
_aBATCH-UPD _b10 _c20130410 _lUCH01 _h1522 |
||
| 590 |
_aBATCH-UPD _b10 _c20130914 _lUCH01 _h1543 |
||
| 590 |
_aCONVERSION _b10 _c20130109 _lUCH01 _h1310 |
||
| 650 | 1 | 4 |
_aAceite de girasol. _9432 |
| 650 | 1 | 4 |
_aGirasol _xEspaciamiento. _948145 |
| 650 | 1 | 4 |
_aGirasol _xRendimiento. _948171 |
| 901 | _aBK | ||
| 942 | _cTESIS | ||
| 949 |
_bBC _cTES _d-48314 _eTS1 _i20731 _si |
||
| 999 |
_c15677 _d15677 |
||